| Tag |
First Indicator |
Second Indicator |
Subfields |
| LEADER |
00000cam a2200000 4500 |
| 001 |
in00000063315 |
| 005 |
20151008051735.0 |
| 008 |
731214s1971 mau 00010 eng u |
| 035 |
|
|
|a (OCoLC)00760309
|
| 035 |
|
|
|9 AAG9717AM
|
| 040 |
|
|
|c DRB
|d TXA
|d UtOrBLW
|
| 049 |
|
|
|a TXAM
|c [930642]
|
| 090 |
|
|
|a HF5415.3
|b .H84
|
| 100 |
1 |
|
|a Hustad, Thomas P.
|
| 245 |
1 |
2 |
|a A review of current developments in the use of "attitude and activity" measures in consumer market research /
|c by Thomas P. Hustad [and] Edgar A. Pessemier.
|
| 264 |
|
1 |
|a Cambridge, Mass. :
|b Marketing Science Institute,
|c 1971.
|
| 300 |
|
|
|a iii, 60 pages ;
|c 28 cm.
|
| 336 |
|
|
|a text
|b txt
|2 rdacontent
|
| 337 |
|
|
|a unmediated
|b n
|2 rdamedia
|
| 338 |
|
|
|a volume
|b nc
|2 rdacarrier
|
| 490 |
1 |
|
|a Working paper / Marketing Science Institute
|
| 490 |
1 |
|
|a Preliminary research report - Marketing Science Institute
|
| 504 |
|
|
|a Bibliography: pages 53-59.
|
| 650 |
|
0 |
|a Motivation research (Marketing)
|
| 700 |
1 |
|
|a Pessemier, Edgar A.,
|d 1922-
|
| 710 |
2 |
|
|a Marketing Science Institute.
|
| 830 |
|
0 |
|a Working paper (Marketing Science Institute)
|
| 830 |
|
0 |
|a Preliminary research report (Marketing Science Institute)
|
| 999 |
|
|
|a MARS
|
| 999 |
f |
f |
|s b5190851-8e84-3b02-b695-cd4c67368c7b
|i d3e15a99-6097-303c-87fa-dbab3e62a229
|t 0
|
| 952 |
f |
f |
|p ric
|a Texas A&M University
|b Rellis Campus
|c Joint Library Facility
|d Remote Storage
|t 0
|e HF5415.3 .H84
|h Library of Congress classification
|i unmediated -- volume
|m A14802794856
|
| 998 |
f |
f |
|a HF5415.3 .H84
|t 0
|l Remote Storage
|